Novissimo vademecum per leggere e scrivere il cinema (Record n. 92798)

Dettagli MARC
000 -LEADER
fixed length control field 01746nam a2200313Ia 4500
001 - CONTROL NUMBER
control field G2234
003 - CONTROL NUMBER IDENTIFIER
control field IT-RoPAU
008 - FIXED-LENGTH DATA ELEMENTS--GENERAL INFORMATION
fixed length control field 130308s9999 xx 000 0 und d
040 ## - CATALOGING SOURCE
Original cataloging agency IT-RoPAU
040 ## - CATALOGING SOURCE
Transcribing agency IT-RoPAU
041 ## - LANGUAGE CODE
Language code of text/sound track or separate title ITALIANO
100 ## - MAIN ENTRY--PERSONAL NAME
Personal name AA.VV.
100 ## - MAIN ENTRY--PERSONAL NAME
Miscellaneous information Codice Aut. SPICS: 12000
245 ## - TITLE STATEMENT
Title Novissimo vademecum per leggere e scrivere il cinema
245 ## - TITLE STATEMENT
Remainder of title Novissimo vademecum per Leggere e Scrivere Il Cinema
250 ## - EDITION STATEMENT
Edition statement 1a ed.
260 ## - PUBLICATION, DISTRIBUTION, ETC. (IMPRINT)
Place of publication, distribution, etc. MILANO
260 ## - PUBLICATION, DISTRIBUTION, ETC. (IMPRINT)
Name of publisher, distributor, etc. Il Castoro
260 ## - PUBLICATION, DISTRIBUTION, ETC. (IMPRINT)
Date of publication, distribution, etc. 1999 [1° Ed.:1999 - Ed.Ling.Originale:1999]
300 ## - PHYSICAL DESCRIPTION
Extent "160 p. (prefazione: no ; testo: 160 [pagine: 0-0])"
500 ## - GENERAL NOTE
General note Consigli, Storie e Autori Proposti dal premio Solinas. Sul Mestiere Dello Sceneggiatore: Esercizio di Immedesimazione in un Soggetto di Gloria Malatesta e Claudia Sbarigia, Idee Nude di Maurizio Nichetti, Il bello di Solinasdi Silvia Napolitano, Il Suono dell'Argento di Salvatore Mannuzzu, Sceneggiare I Silenzi di Stefano Rulli, Tempo Perso di Giorgio Arlorio e Furio Scarpelli, Attenti Alla Realtà di Bernardino Zapponi, Franco Solinas rigore Evisione di Lorenza Micarelli, Come Leggere un testo Teatrale o una sceneggiatura di Yves Lavandier. novissimo vademecum del giovane Aspirante: consigli a un giovane sceneggiatore Dalla Giuria del premio Solinas. Storie e Idee proposte Dagli Autori del premio Solinas. Scrittori per Il Cinema Proposti dal premio Solinas. Storia dei 14 Anni del premio Solinas dal 1986 al 1999: tutti I Premi, Film Realizzati, Partner Europei. Bibliografia.
650 ## - SUBJECT ADDED ENTRY--TOPICAL TERM
Topical term or geographic name as entry element LINGUAGGIO CINEMATOGRAFICO
650 ## - SUBJECT ADDED ENTRY--TOPICAL TERM
Relator term Codice materia Spics: 6804
700 ## - ADDED ENTRY--PERSONAL NAME
Personal name Nigro Francesca
700 ## - ADDED ENTRY--PERSONAL NAME
Miscellaneous information Codice Aut. SPICS: 54127
942 ## - ADDED ENTRY ELEMENTS (KOHA)
Koha item type LIBRO
957 ## -
-- 1
999 ## - SYSTEM CONTROL NUMBERS (KOHA)
-- 1
Dati di copia
Withdrawn status Lost status Damaged status Not for loan Home library Current library Date acquired Total Checkouts Full call number Date last seen Price effective from Koha item type Public note
    Buone Condizioni Not For Loan SPICS-MEDIATECA SPICS-MEDIATECA 08/03/2013   G2234 08/03/2013 08/03/2013 LIBRO Progressivo inserimento: 33157 / N. Volumi: 1 Copie: 1 / data import: 1 marzo 2013 - By Epidotti, Trombetti, Vaglietti.
CREDITS: SOCIETA' SAN PAOLO Via A.Severo, 58 - ROMA (RM) & PERIODICI SAN PAOLO SRL Via Giotto, 36 MILANO & CISF Via Giotto, 36 MILANO & EDIZIONI SAN PAOLO SRL,  Piazza Soncino, 5 CINISELLO BALSAMO (MI) -- ITALY